Bilecik Bilecik Bilecik Bilecik Bilecik

İnsan kaynakları yönetimi ve endüstri ilişkilerinde değişim/ (Record no. 10571)

MARC details
000 -BAŞLIK
Sabit Uzunluktaki Kontrol Alanı 01209nam a22003377a 4500
001 - KONTROL NUMARASI
Control Dosyası 0010599
003 - KONTROL NUMARASI KİMLİĞİ
Kontrol Alanı KOHA_MİRAKIL
005 - EN SON İŞLEM TARİHİ ve ZAMANI
Kontrol Alanı 20260207001749.0
007 - FİZİKSEL TANIM SABİT ALAN - GENEL BİLGİ
Sabit uzunluklu kontrol alanı ta
008 - SABİT UZUNLUKTAKİ VERİ ÖGELERİ - GENEL BİLGİ
Sabit Alan 091112b2002 tu |||gr||||#||||0|tur |
020 ## - ISBN - ULUSLARARASI STANDART KİTAP NUMARASI
Kullanılabilirlik koşulları 0,01
040 ## - KATALOGLAMA KAYNAĞI
Özgün Kataloglama Kurumu TR-BiSEU
Kataloglama Dili tur
Çeviri Kurumu TR-BiSEU
Açıklama Kuralları rda
041 0# - DİL KODU
Metin ya da ses kaydının dil kodu tur
044 ## - YAYINLAYAN/ÜRETEN KURULUŞUN ÜLKE KODU
ISO country code tu
050 ## - SINIFLAMA ve YER NUMARASI
Sınıflama Numarası HF5549.A3
Yer Numarası E73 2002
100 1# - KİŞİ ADI
Yazar Adı (Kişi adı) Erdut, Tijen.
245 1# - ESER ADI BİLDİRİMİ
Başlık İnsan kaynakları yönetimi ve endüstri ilişkilerinde değişim/
Sorumluluk Bildirimi Tijen Erdut ; Tijen Erdut.
264 #1 - ÜRERİM, YAYIN, DAĞITIM ve TELİF BİLDİRİMİ
Yayın yeri İzmir :
Yayınlayan Türk Ağır Sanayii ve Hizmet Sektörü Kamu İşverenleri Sendikası
Yayın tarihi 2002
300 ## - FİZİKSEL TANIMLAMA
Sayfa, Cilt vb. 110 sayfa; 24 cm.
336 ## - İÇERİK TÜRÜ
Content type term metin
Content type code txt
Source rdacontent
337 ## - MEDYA TÜRÜ
Media type term aracısız
Media type code n
Source rdamedia
338 ## - TAŞIYICI TÜRÜ
Carrier type term cilt
Carrier type code nc
Source rdacarrier
490 1# - DİZİ BİLDİRİMİ
Dizi Bildirimi Türk Ağır Sanayii ve Hizmet Sektörü Kamu İşverenleri Sendikası ;
Cilt Numarası yayın no: 40.
500 ## - GENEL NOT
Genel Not Kaynakça var.
650 #0 - KONU BAŞLIĞI EK GİRİŞ - KONU TERİMİ
Konusal terim veya coğrafi ad Human resource management.
9 (RLIN) 9017
650 #0 - KONU BAŞLIĞI EK GİRİŞ - KONU TERİMİ
Konusal terim veya coğrafi ad İnsan kaynakları yönetimi.
9 (RLIN) 10858
650 #0 - KONU BAŞLIĞI EK GİRİŞ - KONU TERİMİ
Konusal terim veya coğrafi ad Industrial relations.
9 (RLIN) 11829
650 #0 - KONU BAŞLIĞI EK GİRİŞ - KONU TERİMİ
Konusal terim veya coğrafi ad Endüstriyel ilişkiler.
9 (RLIN) 25004
830 1# - SERİ EK GİRİŞİ - TEKBİÇİM ESER ADI
Tekbiçim Başlık Türk Ağır Sanayii ve Hizmet Sektörü Kamu İşverenleri Sendikası ;
Volume number/sequential designation yayın no: 40.
9 (RLIN) 25984
942 ## - EK GİRİŞ ÖGELERİ (KOHA)
Source of classification or shelving scheme Library of Congress Classification
Koha item type Book
Holdings
Materyal Türü Kalıcı Konum Mevcut Konum Raf Yeri Sınıflandırma Kaynağı Edinim Bilgisi Ana Konular Alt Konular Yer Numarası Demirbaş Numarası Fatura Tarihi Geri Çekilme Durumu Kayıp Durumu Hasarlı Durumu Kredi için değil Kayıt Tarih Toplam Ödünçverme Son Görülme Tarihi Son Kontrol Tarihi Genel / Bağış Notu
Book Prof. Dr. Azmi Özcan Kütüphanesi Prof. Dr. Azmi Özcan Kütüphanesi Uluğbey Salonu Library of Congress Classification Bağış SOSYAL BİLİMLER Ticaret HF5549.A3 E73 2002 0010599 13/08/2010         12/11/2009   05/12/2024 05/12/2024 Nusret Bedük